Central Library OPAC University of Rajshahi

The Life of Plants / (Record no. 72656)

MARC details
000 -LEADER
fixed length control field 00745nam a2200241 a 4500
001 - CONTROL NUMBER
control field 72656
003 - CONTROL NUMBER IDENTIFIER
rucl marc code BD-RjUL
005 - DATE AND TIME OF LATEST TRANSACTION
control field 20211209082308.0
008 - FIXED-LENGTH DATA ELEMENTS--GENERAL INFORMATION
fixed length control field 170522s enka 001 0 eng d
020 ## - INTERNATIONAL STANDARD BOOK NUMBER
International Standard Book Number 0226115860
035 ## - SYSTEM CONTROL NUMBER
System control number (BD-RjUL) 72874
040 ## - CATALOGING SOURCE
Original cataloging agency BD-RjUL
Language of cataloging eng
Transcribing agency BD-RjUL
Modifying agency BD-RjUL
041 ## - LANGUAGE CODE
Language code of text/sound track or separate title eng
082 ## - DEWEY DECIMAL CLASSIFICATION NUMBER
Edition number 23
Classification number 580
Author mark and year COL 1964
100 1# - MAIN ENTRY--PERSONAL NAME
Personal name Corner, E. J. H.
Fuller form of name (Edred John Henry)
9 (RLIN) 214912
245 14 - TITLE STATEMENT
Title The Life of Plants /
Statement of responsibility, etc. E.J.H. Corner
260 ## - PUBLICATION, DISTRIBUTION, ETC. (IMPRINT)
Place of publication, distribution, etc. New York :
Name of publisher, distributor, etc. The world pub. com.,
Date of publication, distribution, etc. c1964.[1966]
300 ## - PHYSICAL DESCRIPTION
Pagination xi, 314 p. ;
Illustrations ill. ;
Size 23 cm
500 ## - GENERAL NOTE
General note Bibliography: p297-303. - Includes index
General note Originally published: Cleveland : World Publishing Co., 1964
650 #0 - SUBJECT ADDED ENTRY--TOPICAL TERM
Topical term or geographic name as entry element Botany
9 (RLIN) 214913
942 ## - ADDED ENTRY ELEMENTS (KOHA)
Source of classification or shelving scheme Dewey Decimal Classification
Koha item type Books
Holdings
Lost status Source of classification or shelving scheme Damaged status Not for loan Collection code Permanent Location Current Location Shelving location Date acquired Source of acquisition Total Checkouts Full call number Date last seen Copy number Koha item type
  Dewey Decimal Classification   Not For Loan Non-fiction Central Library, University of Rajshahi Central Library, University of Rajshahi Reading Room 21/06/1966 Asia Foundation   580 COL 1964 22/05/2017 C-1 Books
  Dewey Decimal Classification     Non-fiction Central Library, University of Rajshahi Central Library, University of Rajshahi   21/06/1966 Asia Foundation san Francisco. California. U:S.A.   580 COL 1966 15/01/2019 C-2 Books